000 00246nam a2200097Ia 4500
008 170619s9999 xx 000 0 und d
100 _aLATHI- B P
245 0 _aMODERN DIGITAL AND ANALOG COMMUNICATION SYSTEM
260 _bNEW YOR; OXFORD
260 _c2007
546 _aENGLISH
999 _c18481
_d18481